The library and information professional's guide to the World Wide Web / (Record no. 143785)

MARC details
000 -LEADER
fixed length control field 00785cam a2200253 a 4500
008 - FIXED-LENGTH DATA ELEMENTS--GENERAL INFORMATION
fixed length control field
020 ## - INTERNATIONAL STANDARD BOOK NUMBER
International Standard Book Number 1856042278 (pbk.)
049 ## - LOCAL HOLDINGS (OCLC)
Holding library MAIN
090 ## - LOCALLY ASSIGNED LC-TYPE CALL NUMBER (OCLC); LOCAL CALL NUMBER (RLIN)
Classification number (OCLC) (R) ; Classification number, CALL (RLIN) (NR) Z674.82.I59
Local cutter number (OCLC) ; Book number/undivided call number, CALL (RLIN) POU
003 - CONTROL NUMBER IDENTIFIER
control field
005 - DATE AND TIME OF LATEST TRANSACTION
control field 20230123133147.0
040 ## - CATALOGING SOURCE
Transcribing agency NUST
100 1# - MAIN ENTRY--PERSONAL NAME
Personal name Poulter, Alan
245 14 - TITLE STATEMENT
Title The library and information professional's guide to the World Wide Web /
Statement of responsibility, etc. Alan Poulter, Gwyneth Tseng, Goff Sargent.
260 ## - PUBLICATION, DISTRIBUTION, ETC.
Place of publication, distribution, etc. London :
Name of publisher, distributor, etc. Library Association,
Date of publication, distribution, etc. 1999.
300 ## - PHYSICAL DESCRIPTION
Extent x, 133 p. :
Other physical details ill. ;
Dimensions 24 cm.
500 ## - GENERAL NOTE
General note Includes index.
650 #0 - SUBJECT ADDED ENTRY--TOPICAL TERM
Topical term or geographic name entry element World Wide Web.
650 #0 - SUBJECT ADDED ENTRY--TOPICAL TERM
Topical term or geographic name entry element Library information networks.
700 1# - ADDED ENTRY--PERSONAL NAME
Personal name Tseng, Gwyneth.
700 1# - ADDED ENTRY--PERSONAL NAME
Personal name Sargent, Goff.
907 ## - LOCAL DATA ELEMENT G, LDG (RLIN)
a .b10029023
b 12-10-10
c 17-04-03
942 ## - ADDED ENTRY ELEMENTS (KOHA)
Koha item type Ordinary Loan Books
Call number prefix Z674.82.I59
Call number suffix POU
Holdings
Date last seen Total Checkouts Full call number Barcode Cost, replacement price Price effective from Koha item type Lost status Source of classification or shelving scheme Damaged status Not for loan Collection Withdrawn status Home library Current library Shelving location Date acquired Cost, normal purchase price
01/23/2023 37 Z674.82.I59 POU 92003034029 80.00 01/23/2023 BOOKS   LCC     NFIC   MAIN MAIN GEN 01/23/2023 80.00